[Event "NB II. Barcza csoport"]
[Site "Miskolc"]
[Date "2023.10.29"]
[Round "2.5"]
[White "Bartha, Gabor"]
[Black "Ivan, Reka Gyongyver"]
[Result "1-0"]
[WhiteElo "2032"]
[BlackElo "1857"]
[PlyCount "105"]
[EventDate "2023.10.08"]
[EventType "team-tourn"]
[EventRounds "9"]
[EventCountry "HUN"]
[Source "chess.hu"]
[WhiteTeam "Hajduboszormenyi SE"]
[BlackTeam "M.Sportisk-KisBocsok"]
[WhiteTeamCountry "HUN"]
[BlackTeamCountry "HUN"]

1. d4 f5 2. Nf3 Nf6 3. g3 g6 4. Bg2 Bg7 5. O-O d6 6. b3 O-O 7. Bb2 c6 8. Nbd2
Qe8 9. h3 h6 10. c4 Nbd7 11. Qc2 e5 12. dxe5 dxe5 13. e3 e4 14. Nd4 Ne5 15. Ne2
Nd3 16. Ba3 Rf7 17. Nf4 Rd7 18. Rad1 Ne5 19. Bb2 g5 20. Bxe5 Qxe5 21. Ne2 Qe8
22. b4 Re7 23. c5 Qh5 24. Nc4 Bd7 25. Nd6 f4 26. gxf4 Bxh3 27. Ng3 Qg4 28. Ndf5
gxf4 29. Nxe7+ Kh8 30. exf4 Bxg2 31. Kxg2 Re8 32. Qe2 Qxe2 33. Nxe2 Rxe7 34.
Rd8+ Kh7 35. Rfd1 Nd5 36. b5 e3 37. R1xd5 cxd5 38. Rxd5 exf2 39. Kxf2 Rc7 40.
Ke3 Bf8 41. Kd4 Kg6 42. Ng3 Be7 43. a4 Bh4 44. Rd6+ Kh7 45. Ne4 Be7 46. Rd5 Kg6
47. Ke5 h5 48. f5+ Kf7 49. f6 Bf8 50. Ng5+ Kg6 51. Ne6 Rf7 52. Nf4+ Kh6 53. Ke6
1-0

[Event "NB II. Barcza csoport"]
[Site "Miskolc"]
[Date "2023.10.29"]
[Round "2.6"]
[White "Horvath, Peter"]
[Black "Miklosi, Attila"]
[Result "0-1"]
[WhiteElo "1914"]
[BlackElo "2057"]
[PlyCount "120"]
[EventDate "2023.10.08"]
[EventType "team-tourn"]
[EventRounds "9"]
[EventCountry "HUN"]
[Source "chess.hu"]
[WhiteTeam "M.Sportisk-KisBocsok"]
[BlackTeam "Hajduboszormenyi SE"]
[WhiteTeamCountry "HUN"]
[BlackTeamCountry "HUN"]

1. Nf3 Nf6 2. d4 g6 3. c4 Bg7 4. Nc3 d5 5. cxd5 Nxd5 6. Qb3 Nxc3 7. bxc3 O-O 8.
e4 c5 9. dxc5 Qa5 10. Bb2 Qxc5 11. Be2 Nc6 12. O-O a6 13. Rac1 Be6 14. c4 Na5
15. Qa3 Rfc8 16. Qxc5 Rxc5 17. Ba3 Rc7 18. Ng5 Bc8 19. c5 h6 20. Nf3 Be6 21.
Rfd1 Bxa2 22. Rd2 Be6 23. Rcd1 Nb3 24. Rd8+ Rxd8 25. Rxd8+ Kh7 26. h3 Nxc5 27.
Nd4 Ba2 28. f3 Rd7 29. Rxd7 Nxd7 30. Nc2 e6 31. Kf1 b5 32. Nb4 Bf8 33. Nxa6
Bxa3 34. Bxb5 Ne5 35. Nc7 Bc4+ 36. Bxc4 Nxc4 37. Nb5 Bc5 38. g3 h5 39. Nc3 Kg7
40. Ke2 f6 41. Nd1 Kf7 42. f4 e5 43. Kd3 Nd6 44. fxe5 fxe5 45. Nc3 Kf6 46. Ne2
Kg5 47. Nc3 Bd4 48. Nd1 Bg1 49. Nc3 Bf2 50. Ne2 h4 51. g4 Ba7 52. Nc3 Kf4 53.
Nd5+ Kg3 54. g5 Kxh3 55. Ne7 Kg4 56. Nxg6 Bd4 57. Ke2 Nxe4 58. Nxh4 Kxh4 59. g6
Kg5 60. g7 Nf6 0-1

[Event "NB II. Barcza csoport"]
[Site "Miskolc"]
[Date "2023.10.29"]
[Round "2.7"]
[White "Toth, Janos"]
[Black "Szurovszky, Elek"]
[Result "1/2-1/2"]
[WhiteElo "2057"]
[BlackElo "1899"]
[PlyCount "45"]
[EventDate "2023.10.08"]
[EventType "team-tourn"]
[EventRounds "9"]
[EventCountry "HUN"]
[Source "chess.hu"]
[WhiteTeam "Hajduboszormenyi SE"]
[BlackTeam "M.Sportisk-KisBocsok"]
[WhiteTeamCountry "HUN"]
[BlackTeamCountry "HUN"]

1. d4 c5 2. c3 cxd4 3. cxd4 g6 4. Nf3 Bg7 5. Nc3 d5 6. Bf4 Nc6 7. e3 Nf6 8. Bd3
O-O 9. O-O Nh5 10. Bg3 Nxg3 11. hxg3 e5 12. dxe5 d4 13. exd4 Nxd4 14. Be4 Nxf3+
15. Qxf3 Bxe5 16. Bxb7 Bxb7 17. Qxb7 Qa5 18. Qf3 Rab8 19. Rab1 Bxc3 20. Qxc3
Qxa2 21. Ra1 Qxb2 22. Qxb2 Rxb2 23. Rxa7 1/2-1/2

[Event "NB II. Barcza csoport"]
[Site "Miskolc"]
[Date "2023.10.29"]
[Round "2.8"]
[White "Hajdu, Zoltan"]
[Black "Kovacs, Marton"]
[Result "0-1"]
[WhiteElo "1643"]
[BlackElo "2127"]
[PlyCount "102"]
[EventDate "2023.10.08"]
[EventType "team-tourn"]
[EventRounds "9"]
[EventCountry "HUN"]
[Source "chess.hu"]
[WhiteTeam "M.Sportisk-KisBocsok"]
[BlackTeam "Hajduboszormenyi SE"]
[WhiteTeamCountry "HUN"]
[BlackTeamCountry "HUN"]

1. d4 d5 2. Nc3 Bf5 3. Nf3 e6 4. Bf4 Bd6 5. e3 Nf6 6. Bd3 Bxf4 7. exf4 O-O 8.
Bxf5 exf5 9. Qd3 Re8+ 10. Ne5 Ne4 11. O-O f6 12. Nf3 c6 13. Rfe1 Nd7 14. Nh4 g6
15. f3 Nd6 16. g3 Qb6 17. b3 Nf8 18. Na4 Qa5 19. Ng2 Ne6 20. Ne3 Rad8 21. Nc3
b5 22. a4 b4 23. Ne2 Qb6 24. g4 fxg4 25. Nxg4 Kg7 26. Kh1 Nf5 27. a5 Qb5 28.
Qd2 c5 29. dxc5 Qxc5 30. Ng3 Ned4 31. Nxf5+ Nxf5 32. Rad1 h5 33. Nf2 Ne3 34.
Rc1 d4 35. Nd3 Qd5 36. Qf2 Qxa5 37. Rg1 Qf5 38. Qg3 h4 39. Qxh4 Rh8 40. Qg3 Rh3
41. Qf2 Rdh8 42. Rg3 Rxh2+ 43. Qxh2 Rxh2+ 44. Kxh2 Nxc2 45. Rxc2 Qxd3 46. Rc7+
Kg8 47. Rh3 Qe2+ 48. Kg3 Qf1 49. Rh2 d3 50. Rd7 Qe1+ 51. Kh3 Qe6+ 0-1

[Event "NB II. Barcza csoport"]
[Site "Miskolc"]
[Date "2023.10.29"]
[Round "2.9"]
[White "Uzonyi, David"]
[Black "Homolya, Daniel"]
[Result "1-0"]
[WhiteElo "2052"]
[BlackElo "1478"]
[PlyCount "57"]
[EventDate "2023.10.08"]
[EventType "team-tourn"]
[EventRounds "9"]
[EventCountry "HUN"]
[Source "chess.hu"]
[WhiteTeam "Hajduboszormenyi SE"]
[BlackTeam "M.Sportisk-KisBocsok"]
[WhiteTeamCountry "HUN"]
[BlackTeamCountry "HUN"]

1. e4 e5 2. d4 exd4 3. Qxd4 Nc6 4. Qe3 d6 5. Nc3 Nf6 6. Bd2 Bd7 7. O-O-O Qe7 8.
f3 O-O-O 9. g4 h6 10. Bb5 Kb8 11. Nge2 Ne5 12. Nd4 a6 13. Be2 g6 14. Nd5 Nxd5
15. exd5 g5 16. Qb3 Ka8 17. Rhe1 Bg7 18. Ba5 Rc8 19. Nc6 Qf6 20. Bc3 Qf4+ 21.
Kb1 bxc6 22. Bxa6 Rb8 23. Qa3 Rb6 24. Rd4 Qxf3 25. Be2+ Kb7 26. Bxf3 Nxf3 27.
Ra4 cxd5 28. Ra7+ Kc6 29. Bxg7 1-0

[Event "NB II. Barcza csoport"]
[Site "Miskolc"]
[Date "2023.10.29"]
[Round "2.10"]
[White "Homolya, Gabor"]
[Black "Toviskes, Antal"]
[Result "0-1"]
[WhiteElo "1478"]
[BlackElo "1983"]
[PlyCount "78"]
[EventDate "2023.10.08"]
[EventType "team-tourn"]
[EventRounds "9"]
[EventCountry "HUN"]
[Source "chess.hu"]
[WhiteTeam "M.Sportisk-KisBocsok"]
[BlackTeam "Hajduboszormenyi SE"]
[WhiteTeamCountry "HUN"]
[BlackTeamCountry "HUN"]

1. c4 Nf6 2. Nc3 d5 3. d4 g6 4. Nf3 Bg7 5. c5 O-O 6. g3 c6 7. Bg2 Bg4 8. Ne5
Bf5 9. O-O Nbd7 10. Bf4 Nh5 11. e3 f6 12. Nxd7 Qxd7 13. e4 Bxe4 14. Be3 Bxg2
15. Kxg2 f5 16. Ne2 Rfe8 17. f4 Nf6 18. h3 Ne4 19. Nc3 Rec8 20. g4 e6 21. Qe1
b6 22. b4 Rab8 23. cxb6 axb6 24. gxf5 exf5 25. Rd1 Ra8 26. Nxe4 dxe4 27. Rf2
Qd5 28. Qd2 Ra3 29. Rc1 Rca8 30. Rc2 Rd3 31. Qe1 Raa3 32. Rfe2 Bxd4 33. Bxd4
Qxd4 34. Red2 Qxb4 35. Qf2 e3 36. Rxd3 exf2 37. Rxa3 Qxa3 38. Rxc6 f1=Q+ 39.
Kxf1 Qf3+ 0-1

[Event "NB II. Barcza csoport"]
[Site "Miskolc"]
[Date "2023.10.29"]
[Round "2.11"]
[White "Toth, Gergely"]
[Black "Gal, Andras"]
[Result "1/2-1/2"]
[WhiteElo "1586"]
[BlackElo "1349"]
[PlyCount "37"]
[EventDate "2023.10.08"]
[EventType "team-tourn"]
[EventRounds "9"]
[EventCountry "HUN"]
[Source "chess.hu"]
[WhiteTeam "Hajduboszormenyi SE"]
[BlackTeam "M.Sportisk-KisBocsok"]
[WhiteTeamCountry "HUN"]
[BlackTeamCountry "HUN"]

1. e4 e5 2. Nf3 Nc6 3. d4 exd4 4. Nxd4 Bc5 5. Be3 Bxd4 6. Bxd4 Nf6 7. Nc3 d6 8.
Be2 Nxd4 9. Qxd4 O-O 10. O-O Bg4 11. f3 Bh5 12. Qf2 Nd7 13. Rad1 a6 14. Qg3 Rc8
15. Kh1 Qe8 16. Nd5 f6 17. Ne3 Kh8 18. c3 Bg6 19. Nd5 1/2-1/2

[Event "NB II. Barcza csoport"]
[Site "Mezokovesd"]
[Date "2023.10.29"]
[Round "2.1"]
[White "Lazin, Robert-Tamas"]
[Black "Kerek, Krisztian"]
[Result "1-0"]
[WhiteElo "2060"]
[BlackElo "2229"]
[PlyCount "43"]
[EventDate "2023.10.08"]
[EventType "team-tourn"]
[EventRounds "9"]
[EventCountry "HUN"]
[Source "chess.hu"]
[WhiteTeam "NYESE"]
[BlackTeam "Mezokovesd  Zsory SE"]
[WhiteTeamCountry "HUN"]
[BlackTeamCountry "HUN"]

1. e4 c5 2. f4 d5 3. Bb5+ Nd7 4. exd5 Ngf6 5. c4 a6 6. Bxd7+ Bxd7 7. Nc3 e6 8.
Qe2 Be7 9. dxe6 Bxe6 10. Nf3 O-O 11. b3 Bf5 12. Bb2 Bd3 13. Qf2 b5 14. Ne5 bxc4
15. bxc4 Rb8 16. O-O-O Ng4 17. Nxg4 Qb6 18. Na4 Qb4 19. Qg3 Qxc4+ 20. Nc3 Bh4
21. Ne5 Rxb2 22. Qxd3 1-0

[Event "NB II. Barcza csoport"]
[Site "Mezokovesd"]
[Date "2023.10.29"]
[Round "2.2"]
[White "Burghardt, Jozsef"]
[Black "Gorombei, Balint"]
[Result "1-0"]
[WhiteElo "2102"]
[BlackElo "1967"]
[PlyCount "59"]
[EventDate "2023.10.08"]
[EventType "team-tourn"]
[EventRounds "9"]
[EventCountry "HUN"]
[Source "chess.hu"]
[WhiteTeam "Mezokovesd  Zsory SE"]
[BlackTeam "NYESE"]
[WhiteTeamCountry "HUN"]
[BlackTeamCountry "HUN"]

1. Nf3 b6 2. e4 Bb7 3. Nc3 c5 4. d4 cxd4 5. Nxd4 g6 6. Be3 Bg7 7. Bc4 Nc6 8.
Nxc6 Bxc6 9. Bd4 Nf6 10. e5 Nh5 11. Qg4 O-O 12. O-O-O Rb8 13. Bd5 Qc7 14. f4 a5
15. Qf3 Bh6 16. Be3 Ng7 17. g4 Ne8 18. h4 e6 19. Be4 Rc8 20. Bxc6 dxc6 21. g5
Bg7 22. h5 Bh8 23. Qh3 Rb8 24. Ne4 c5 25. hxg6 fxg6 26. Qxe6+ Rf7 27. Nf6+ Kf8
28. Rd7 Rxd7 29. Nxd7+ Kg7 30. Qe7+ 1-0

[Event "NB II. Barcza csoport"]
[Site "Mezokovesd"]
[Date "2023.10.29"]
[Round "2.3"]
[White "Gocza, Adam"]
[Black "Pap, Janos"]
[Result "1/2-1/2"]
[WhiteElo "1998"]
[BlackElo "2046"]
[PlyCount "69"]
[EventDate "2023.10.08"]
[EventType "team-tourn"]
[EventRounds "9"]
[EventCountry "HUN"]
[Source "chess.hu"]
[WhiteTeam "NYESE"]
[BlackTeam "Mezokovesd  Zsory SE"]
[WhiteTeamCountry "HUN"]
[BlackTeamCountry "HUN"]

1. e4 c5 2. Nc3 d6 3. g3 Nc6 4. d3 g6 5. Be3 Bg7 6. Qd2 e6 7. Bg2 Qa5 8. Nge2
Nd4 9. O-O Ne7 10. Nc1 O-O 11. Nb3 Qc7 12. Nd1 a6 13. c3 Nxb3 14. axb3 d5 15.
Bh6 dxe4 16. Bxg7 Kxg7 17. dxe4 Rd8 18. Qc2 b5 19. Ne3 Bb7 20. Rfd1 Rxd1+ 21.
Rxd1 Rd8 22. Rd2 Rxd2 23. Qxd2 Nc6 24. Ng4 Qd8 25. Qh6+ Kg8 26. h3 f5 27. exf5
exf5 28. Ne3 Na5 29. Bxb7 Nxb7 30. Qf4 Qd6 31. Qf3 Na5 32. Qa8+ Kg7 33. c4 Nxb3
34. cxb5 axb5 35. Qb7+ 1/2-1/2

[Event "NB II. Barcza csoport"]
[Site "Mezokovesd"]
[Date "2023.10.29"]
[Round "2.4"]
[White "Zelei, Zoltan"]
[Black "Bekesi, Janos"]
[Result "1/2-1/2"]
[WhiteElo "2066"]
[BlackElo "1901"]
[PlyCount "42"]
[EventDate "2023.10.08"]
[EventType "team-tourn"]
[EventRounds "9"]
[EventCountry "HUN"]
[Source "chess.hu"]
[WhiteTeam "Mezokovesd  Zsory SE"]
[BlackTeam "NYESE"]
[WhiteTeamCountry "HUN"]
[BlackTeamCountry "HUN"]

1. d4 Nf6 2. Nf3 d5 3. c4 c6 4. e3 e6 5. Bd3 Be7 6. O-O O-O 7. b3 Nbd7 8. Bb2
b6 9. Nbd2 c5 10. Ne5 Bb7 11. Qc2 Rc8 12. Nxd7 Qxd7 13. dxc5 Rxc5 14. Rad1 dxc4
15. bxc4 Qc6 16. f3 Rh5 17. Ne4 Qc7 18. Nxf6+ Bxf6 19. g4 Rh6 20. Bxf6 gxf6 21.
Rd2 Qc5 1/2-1/2

[Event "NB II. Barcza csoport"]
[Site "Mezokovesd"]
[Date "2023.10.29"]
[Round "2.6"]
[White "Sallai, Janos"]
[Black "Tumo, Bence"]
[Result "1-0"]
[WhiteElo "1853"]
[BlackElo "1892"]
[PlyCount "53"]
[EventDate "2023.10.08"]
[EventType "team-tourn"]
[EventRounds "9"]
[EventCountry "HUN"]
[Source "chess.hu"]
[WhiteTeam "Mezokovesd  Zsory SE"]
[BlackTeam "NYESE"]
[WhiteTeamCountry "HUN"]
[BlackTeamCountry "HUN"]

1. e4 c5 2. Nf3 g6 3. d4 cxd4 4. Qxd4 Nf6 5. Nc3 Nc6 6. Qa4 Bg7 7. e5 Ng8 8.
Bf4 Nh6 9. h3 O-O 10. O-O-O a6 11. Kb1 Rb8 12. Qe4 Qa5 13. Bc4 b5 14. Bb3 e6
15. g4 Kh8 16. Qe3 Ng8 17. h4 Qb6 18. Qe2 f6 19. exf6 Nxf6 20. Bxb8 Qxb8 21. h5
gxh5 22. g5 Ng4 23. Rxh5 Qf4 24. Rh3 d5 25. Rdh1 Kg8 26. Nxd5 exd5 27. Bxd5+
1-0

[Event "NB II. Barcza csoport"]
[Site "Mezokovesd"]
[Date "2023.10.29"]
[Round "2.7"]
[White "Palkovics, Balazs"]
[Black "Pap, Kristof"]
[Result "0-1"]
[WhiteElo "1844"]
[BlackElo "1873"]
[PlyCount "126"]
[EventDate "2023.10.08"]
[EventType "team-tourn"]
[EventRounds "9"]
[EventCountry "HUN"]
[Source "chess.hu"]
[WhiteTeam "NYESE"]
[BlackTeam "Mezokovesd  Zsory SE"]
[WhiteTeamCountry "HUN"]
[BlackTeamCountry "HUN"]

1. e4 d6 2. Nc3 g6 3. d3 Bg7 4. Be3 c5 5. Qd2 Nc6 6. g3 Rb8 7. Bg2 Bd7 8. Nge2
e6 9. h3 Nd4 10. Nd1 Ne7 11. c3 Nxe2 12. Qxe2 Qa5 13. O-O O-O 14. Bf4 Qa6 15.
Qd2 Rfd8 16. Re1 Bb5 17. c4 Bc6 18. a4 b5 19. Qc2 bxc4 20. dxc4 Rb4 21. Bf1
Bxa4 22. Qc1 Qb6 23. Bd2 Nc6 24. Bxb4 Qxb4 25. Nc3 Bb3 26. Nb5 Ne5 27. Qe3 a5
28. Na3 a4 29. Kg2 Nxc4 30. Nxc4 Bxc4 31. Bxc4 Qxc4 32. Qd2 Bd4 33. Rac1 Qb5
34. Rc2 Rb8 35. Re2 e5 36. f4 exf4 37. Qxf4 Qd7 38. g4 Be5 39. Qf3 Rb3 40. Re3
Rxb2 41. Qe2 Rb3 42. Rf3 Qe6 43. Rd2 a3 44. Rxb3 Qxb3 45. Qf2 Bb2 46. Rxd6 Qc4
47. Rd8+ Kg7 48. Ra8 Qxe4+ 49. Qf3 Qc2+ 50. Qf2 Qb3 51. Ra7 a2 52. Rxf7+ Qxf7
53. Qxb2+ Kf8 54. Qh8+ Ke7 55. Qe5+ Kd7 56. g5 Kc6 57. Kg1 Qd5 58. Qf6+ Kb5 59.
Qb2+ Ka4 60. Qc2+ Qb3 61. Qe4+ Ka3 62. Qa8+ Kb2 63. Qh8+ Kb1 0-1

[Event "NB II. Barcza csoport"]
[Site "Mezokovesd"]
[Date "2023.10.29"]
[Round "2.8"]
[White "Kantor, Jozsef"]
[Black "Laskai, Gabor"]
[Result "1/2-1/2"]
[WhiteElo "1765"]
[BlackElo "1620"]
[PlyCount "104"]
[EventDate "2023.10.08"]
[EventType "team-tourn"]
[EventRounds "9"]
[EventCountry "HUN"]
[Source "chess.hu"]
[WhiteTeam "Mezokovesd  Zsory SE"]
[BlackTeam "NYESE"]
[WhiteTeamCountry "HUN"]
[BlackTeamCountry "HUN"]

1. d4 Nf6 2. Nf3 d5 3. Bf4 Bf5 4. Nbd2 e6 5. c3 c5 6. e3 c4 7. Nh4 Bg6 8. Be2
Nc6 9. h3 Bd6 10. Nxg6 hxg6 11. Bxd6 Qxd6 12. e4 Nxe4 13. Nxe4 dxe4 14. Bxc4 e3
15. O-O O-O-O 16. Qf3 exf2+ 17. Rxf2 Rd7 18. a4 a5 19. Bb5 Kc7 20. Raf1 f6 21.
Qg4 g5 22. Re2 Re7 23. Rf3 Rh4 24. Qg3 Qxg3 25. Rxg3 Nd8 26. Rge3 Kd6 27. Bc4
Re8 28. g4 Rhh8 29. Kg2 Rhf8 30. d5 e5 31. b4 axb4 32. cxb4 Re7 33. Kf3 Nf7 34.
Ke4 Nh8 35. Rc2 Rc7 36. a5 Rfc8 37. Rec3 Ng6 38. b5 Nf4 39. b6 Rc5 40. a6 Ra5
41. axb7 Rb8 42. Bb3 Rxb7 43. Rc6+ Kd7 44. Rc7+ Rxc7 45. Rxc7+ Kd6 46. Rc6+ Kd7
47. Bc4 Ra4 48. Rc7+ Kd6 49. Rc6+ Kd7 50. Kf5 Rb4 51. Rc7+ Kd6 52. Rc6+ Kd7
1/2-1/2

[Event "NB II. Barcza csoport"]
[Site "Mezokovesd"]
[Date "2023.10.29"]
[Round "2.9"]
[White "Simon, Ors Attila"]
[Black "Bajzath, Istvan"]
[Result "1-0"]
[WhiteElo "1663"]
[BlackElo "1613"]
[PlyCount "151"]
[EventDate "2023.10.08"]
[EventType "team-tourn"]
[EventRounds "9"]
[EventCountry "HUN"]
[Source "chess.hu"]
[WhiteTeam "NYESE"]
[BlackTeam "Mezokovesd  Zsory SE"]
[WhiteTeamCountry "HUN"]
[BlackTeamCountry "HUN"]

1. e4 c5 2. c4 Nc6 3. Nf3 d6 4. Nc3 Bg4 5. Be2 g6 6. d3 Bg7 7. O-O Nf6 8. Be3
O-O 9. h3 Bxf3 10. Bxf3 Nd4 11. a3 Nd7 12. Rb1 Ne5 13. Bxd4 Nxf3+ 14. Qxf3 Bxd4
15. Ne2 Bg7 16. b4 b6 17. Qe3 e5 18. Nc3 f5 19. f3 Qh4 20. Nd5 Kh8 21. Nc7 Bh6
22. Qe1 Qxe1 23. Rfxe1 Rac8 24. Nb5 a6 25. Nc3 Rb8 26. Nd5 b5 27. cxb5 axb5 28.
bxc5 dxc5 29. Nc7 b4 30. axb4 Rxb4 31. Ne6 Re8 32. Nc7 Be3+ 33. Kf1 Rxb1 34.
Rxb1 Rc8 35. Nd5 Bd4 36. exf5 gxf5 37. Ne7 Rf8 38. Re1 Kg7 39. Rb1 Kf6 40. Rb7
Rf7 41. Nd5+ Kg7 42. Rxf7+ Kxf7 43. g4 fxg4 44. fxg4 Kg6 45. Kg2 h5 46. Kf3 Kg5
47. Ne7 hxg4+ 48. hxg4 Bb2 49. Nf5 Bc3 50. Ng3 Bd4 51. Ne4+ Kg6 52. Ke2 Bg1 53.
Kd2 Bd4 54. Kc2 Bg1 55. Kb3 Be3 56. Kc4 Bg1 57. Kd5 Bd4 58. Kd6 Ba1 59. Kxc5
Kf7 60. Kd6 Kg6 61. Kd5 Kf7 62. Ng5+ Kg6 63. Nf3 Kf6 64. Ke4 Bb2 65. Ke3 Ba1
66. Kf2 Bb2 67. Kg3 Kg6 68. Kh4 Bc3 69. g5 Bb2 70. Kg4 Bc3 71. Nh4+ Kg7 72. Kh5
Bd2 73. Nf3 Bc3 74. Kg4 Kg6 75. Nh4+ Kg7 76. Kf5 1-0

[Event "NB II. Barcza csoport"]
[Site "Mezokovesd"]
[Date "2023.10.29"]
[Round "2.10"]
[White "Pota, Lajos"]
[Black "Fekete, Andras"]
[Result "1-0"]
[WhiteElo "1469"]
[BlackElo "1603"]
[PlyCount "49"]
[EventDate "2023.10.08"]
[EventType "team-tourn"]
[EventRounds "9"]
[EventCountry "HUN"]
[Source "chess.hu"]
[WhiteTeam "Mezokovesd  Zsory SE"]
[BlackTeam "NYESE"]
[WhiteTeamCountry "HUN"]
[BlackTeamCountry "HUN"]

1. d4 Nf6 2. c4 c6 3. Nc3 d5 4. Bg5 Bf5 5. Bxf6 exf6 6. cxd5 cxd5 7. e3 a6 8.
Qb3 b5 9. Qxd5 Qxd5 10. Nxd5 Ra7 11. Rc1 Bd6 12. a3 Be4 13. Nc3 Ba8 14. Nf3 O-O
15. Bd3 Rc7 16. O-O Rfc8 17. Ne2 g6 18. Rxc7 Rxc7 19. Rc1 Kf8 20. Rxc7 Bxc7 21.
Nd2 Bd5 22. Ne4 Ke7 23. g4 Nd7 24. N4c3 f5 25. Nxd5+ 1-0

[Event "NB II. Barcza csoport"]
[Site "Mezokovesd"]
[Date "2023.10.29"]
[Round "2.11"]
[White "Simon, Virag Boglarka"]
[Black "Molnar, Marton Adam"]
[Result "1-0"]
[WhiteElo "1454"]
[BlackElo "1382"]
[PlyCount "157"]
[EventDate "2023.10.08"]
[EventType "team-tourn"]
[EventRounds "9"]
[EventCountry "HUN"]
[Source "chess.hu"]
[WhiteTeam "NYESE"]
[BlackTeam "Mezokovesd  Zsory SE"]
[WhiteTeamCountry "HUN"]
[BlackTeamCountry "HUN"]

1. e4 c5 2. Nf3 d6 3. c3 Nf6 4. d3 Nc6 5. Be2 g6 6. Bg5 Bg7 7. O-O O-O 8. Re1
Qb6 9. Qc1 Bd7 10. Bf1 Rac8 11. Nbd2 a6 12. e5 Nxe5 13. Nxe5 dxe5 14. Nc4 Qc7
15. Nxe5 e6 16. Bf4 Qd8 17. Qd2 Nd5 18. Bg3 f6 19. Nxd7 Qxd7 20. d4 cxd4 21.
Qxd4 e5 22. Qd1 Qc6 23. Qb3 Kh8 24. Rad1 Rfd8 25. Be2 f5 26. c4 Nc7 27. Bh4
Rxd1 28. Rxd1 Ne6 29. Qe3 f4 30. Qh3 g5 31. Bg4 gxh4 32. Bxe6 Rf8 33. Qg4 Qe4
34. h3 Qg6 35. Rd5 Bf6 36. Qe2 e4 37. Kh1 f3 38. gxf3 Re8 39. Bd7 Re7 40. Bf5
exf3 41. Rd8+ Kg7 42. Qxe7+ Bxe7 43. Bxg6 Bxd8 44. Be4 b6 45. Bxf3 a5 46. Be4
Bf6 47. b3 Bd4 48. Kg2 Kf6 49. f4 h5 50. Kf3 Bb2 51. Bc6 Kf5 52. Bd7+ Kg6 53.
Ke4 Ba3 54. Kd5 Kf6 55. Kc6 Bc5 56. a3 Ke7 57. Bc8 Kd8 58. Be6 Ke7 59. f5 Kf6
60. b4 axb4 61. axb4 Bf2 62. c5 bxc5 63. bxc5 Ke7 64. Kd5 Bg3 65. c6 Bh2 66.
Kc5 Bc7 67. Kb5 Kd6 68. Bd7 Bd8 69. Be8 Ke5 70. Bd7 Kd6 71. Kc4 Ke5 72. Kc5 Bc7
73. Kb5 Bd8 74. Ka6 Kd5 75. Kb7 Kd6 76. f6 Ba5 77. f7 Ke7 78. Be6 Kf8 79. c7
1-0

[Event "NB II. Barcza csoport"]
[Site "Mezokovesd"]
[Date "2023.10.29"]
[Round "2.12"]
[White "Lako, Peter"]
[Black "Szoke, Nora"]
[Result "1-0"]
[WhiteElo "1203"]
[BlackElo "1445"]
[PlyCount "77"]
[EventDate "2023.10.08"]
[EventType "team-tourn"]
[EventRounds "9"]
[EventCountry "HUN"]
[Source "chess.hu"]
[WhiteTeam "Mezokovesd  Zsory SE"]
[BlackTeam "NYESE"]
[WhiteTeamCountry "HUN"]
[BlackTeamCountry "HUN"]

1. c4 e5 2. Nc3 Nf6 3. g3 c6 4. Nf3 e4 5. Nd4 d5 6. cxd5 cxd5 7. d3 Bb4 8. Qa4+
Nc6 9. Nxc6 Bxc3+ 10. bxc3 bxc6 11. Bg5 Qd6 12. Rd1 exd3 13. Bxf6 Qxf6 14. Rxd3
O-O 15. Rf3 Qg6 16. Bg2 Qb1+ 17. Kd2 Qb2+ 18. Qc2 Qxc2+ 19. Kxc2 Bf5+ 20. Rxf5
Rfe8 21. e3 g6 22. Rf4 Re7 23. Rb1 a5 24. Rb6 Rc7 25. Rf6 Rac8 26. Bh3 Kg7 27.
Rd6 f5 28. g4 fxg4 29. Bxg4 Rf8 30. f3 Rf6 31. Rxf6 Kxf6 32. Ra6 Ke7 33. Rxa5
c5 34. Kd3 g5 35. c4 Kd6 36. Ra6+ Rc6 37. Rxc6+ Kxc6 38. cxd5+ Kxd5 39. e4+ 1-0

[Event "NB II. Barcza csoport"]
[Site "Edeleny"]
[Date "2023.10.29"]
[Round "2.1"]
[White "Mate, Balazs"]
[Black "Kiss, Pal"]
[Result "1/2-1/2"]
[WhiteElo "2026"]
[BlackElo "2255"]
[PlyCount "40"]
[EventDate "2023.10.08"]
[EventType "team-tourn"]
[EventRounds "9"]
[EventCountry "HUN"]
[Source "chess.hu"]
[WhiteTeam "DEAC-Debr.Sakkiskola"]
[BlackTeam "Edelenyi VSE"]
[WhiteTeamCountry "HUN"]
[BlackTeamCountry "HUN"]

1. e4 c5 2. Nf3 Nc6 3. Bb5 e6 4. c3 Nge7 5. O-O a6 6. Ba4 b5 7. Bc2 Bb7 8. Qe2
d5 9. e5 Nc8 10. d3 Be7 11. Nbd2 Nb6 12. Re1 b4 13. Nf1 a5 14. a3 c4 15. d4
bxc3 16. bxc3 a4 17. Qd1 Qd7 18. Ng5 g6 19. Qg4 Na5 20. Ra2 Nb3 1/2-1/2

[Event "NB II. Barcza csoport"]
[Site "Edeleny"]
[Date "2023.10.29"]
[Round "2.2"]
[White "Barva, Attila Dr"]
[Black "Donka, Peter"]
[Result "1-0"]
[WhiteElo "2358"]
[BlackElo "1959"]
[PlyCount "61"]
[EventDate "2023.10.08"]
[EventType "team-tourn"]
[EventRounds "9"]
[EventCountry "HUN"]
[Source "chess.hu"]
[WhiteTeam "Edelenyi VSE"]
[BlackTeam "DEAC-Debr.Sakkiskola"]
[WhiteTeamCountry "HUN"]
[BlackTeamCountry "HUN"]

1. d4 d5 2. Bf4 e6 3. e3 Bd6 4. Nf3 c5 5. c3 Qc7 6. Bxd6 Qxd6 7. Ne5 Nd7 8. f4
Nh6 9. Bd3 O-O 10. Nd2 f6 11. Nxd7 Bxd7 12. Qh5 cxd4 13. cxd4 e5 14. O-O e4 15.
Bc2 Bg4 16. Qh4 a5 17. a3 a4 18. Bb1 Kh8 19. Ba2 Be2 20. Rfc1 Ra5 21. Qe1 Bd3
22. Nxe4 Bxe4 23. Qxa5 Rg8 24. Bb1 Qe6 25. Bxe4 Qxe4 26. Qd2 Nf5 27. Rc3 g5 28.
Rf1 Nh4 29. f5 g4 30. Qf2 Nf3+ 31. gxf3 1-0

[Event "NB II. Barcza csoport"]
[Site "Edeleny"]
[Date "2023.10.29"]
[Round "2.3"]
[White "Balazs, Marcell"]
[Black "Vodila, Martin Botond"]
[Result "1/2-1/2"]
[WhiteElo "1891"]
[BlackElo "2255"]
[PlyCount "50"]
[EventDate "2023.10.08"]
[EventType "team-tourn"]
[EventRounds "9"]
[EventCountry "HUN"]
[Source "chess.hu"]
[WhiteTeam "DEAC-Debr.Sakkiskola"]
[BlackTeam "Edelenyi VSE"]
[WhiteTeamCountry "HUN"]
[BlackTeamCountry "HUN"]

1. d4 d5 2. c4 c6 3. Nc3 Nf6 4. Bg5 e6 5. cxd5 exd5 6. Qc2 Be7 7. e3 h6 8. Bh4
O-O 9. Bd3 c5 10. dxc5 d4 11. exd4 Qxd4 12. Nf3 Qxc5 13. O-O Bg4 14. Nd2 Nc6
15. Bxf6 Bxf6 16. Nde4 Qe5 17. Nxf6+ Qxf6 18. Be4 Rad8 19. f3 Be6 20. Rad1 Qg5
21. Qf2 Qa5 22. a3 Bb3 23. Bc2 Bxc2 24. Qxc2 Ne5 25. Qe2 Nc6 1/2-1/2

[Event "NB II. Barcza csoport"]
[Site "Edeleny"]
[Date "2023.10.29"]
[Round "2.4"]
[White "Dudas, Peter"]
[Black "Nemeth, Mark"]
[Result "1-0"]
[WhiteElo "2195"]
[BlackElo "1768"]
[PlyCount "73"]
[EventDate "2023.10.08"]
[EventType "team-tourn"]
[EventRounds "9"]
[EventCountry "HUN"]
[Source "chess.hu"]
[WhiteTeam "Edelenyi VSE"]
[BlackTeam "DEAC-Debr.Sakkiskola"]
[WhiteTeamCountry "HUN"]
[BlackTeamCountry "HUN"]

1. d4 Nf6 2. c4 e6 3. Nf3 Be7 4. Nc3 d5 5. cxd5 exd5 6. Bg5 O-O 7. Qc2 Nbd7 8.
e3 b6 9. Bd3 Bb7 10. O-O c5 11. Rfd1 cxd4 12. Nxd4 Rc8 13. Nf5 g6 14. Nxe7+
Qxe7 15. Qe2 Qe6 16. Ba6 Bxa6 17. Qxa6 Nc5 18. Qe2 Nce4 19. Bxf6 Nxf6 20. Rd4
Rc5 21. Rad1 Rfc8 22. Qf3 Kg7 23. h3 R8c7 24. a3 Rc8 25. Nxd5 Nxd5 26. Rxd5
R8c7 27. e4 Rc8 28. Qd3 Rc4 29. Re1 R8c7 30. b3 Rc2 31. Qd4+ Qf6 32. e5 Qe7 33.
e6+ Kh6 34. Re4 g5 35. exf7 Rc1+ 36. Kh2 R1c6 37. Rxe7 1-0